| 000 | 00442nam a2200157Ia 4500 | ||
|---|---|---|---|
| 003 | OSt | ||
| 005 | 20200706113554.0 | ||
| 008 | 190216s9999||||xx |||||||||||||| ||und|| | ||
| 040 | _coclc | ||
| 082 |
_a944.04 _bTHO/F |
||
| 100 |
_aThompson, J M _93538 |
||
| 245 | 4 |
_aThe French Revolution / _cJ M Thompson |
|
| 260 |
_bSurjeet Pubs, _c1997. _aDelhi: |
||
| 300 | _a536p | ||
| 942 |
_cBK _2ddc _h944.04 _iTHO/F _k944.04 _mTHO/F |
||
| 999 |
_c20571 _d20571 |
||